Teoretický prístup k problému "ekonomická kríza"
Ekonomický cyklus a ekonomická kríza vo vybraných teóriách slávnych ekonómov: Thomas R. Malthus, Jean B. Say, Karl Marx. Friedrich August von Hayek a pohľad Rakúskej ekonomickej školy. Pohľad Lorda Johna M. Keynesa.
Salvato in:
| Autore principale: | |
|---|---|
| Natura: | Capitolo di libro |
| Lingua: | slovacco |
| Soggetti: | |
| Tags: |
Nessun Tag, puoi essere il primo ad aggiungerne!!
|
MARC
| LEADER | 00000nla a2200000 4500 | ||
|---|---|---|---|
| 001 | 0163184 | ||
| 005 | 20240502072830.7 | ||
| 041 | 0 | |a slo | |
| 044 | |a SK | ||
| 245 | 1 | 0 | |a Teoretický prístup k problému "ekonomická kríza" |c Marcel Novák |
| 520 | |a Ekonomický cyklus a ekonomická kríza vo vybraných teóriách slávnych ekonómov: Thomas R. Malthus, Jean B. Say, Karl Marx. Friedrich August von Hayek a pohľad Rakúskej ekonomickej školy. Pohľad Lorda Johna M. Keynesa. | ||
| 610 | 2 | 0 | |a teórie ekonomické |
| 610 | 2 | 0 | |a kríza finančná |
| 610 | 2 | 0 | |a kríza hospodárska |
| 100 | 1 | |a Novák, Marcel, 1979- | |